| 000 | 00389nam a22001457a 4500 | ||
|---|---|---|---|
| 020 | _a9780385738767 | ||
| 040 | _cNUST | ||
| 082 | _a813.6,DAS | ||
| 100 |
_aDashner, James _9134408 |
||
| 245 |
_aThe scorch trials: _bthe Maze Runner Series / _cJames Dashner |
||
| 260 |
_aNew York _bDelacorate Press _c2010 |
||
| 300 | _a361 p.; | ||
| 650 |
_aNovel _92525 |
||
| 942 |
_2ddc _cFIC _k813.6,DAS |
||
| 999 |
_c617399 _d617399 |
||